000 01317nam1a2200349 i 4500
001 RU\NLR\bibl\995269
005 20260406164754.0
010 _a5-93615-054-2
035 _a(NLR Aleph) 000983038
090 _a471276
_c471276
100 _a20061011g20069999u y0rusy50 ca
101 1 _arus
_cger
102 _aRU
105 _a||||z |||||
200 1 _aНицше
_dNietzsche
_fМартин Хайдеггер
_gпер. с нем. А.П. Шурбелева
_zger
210 _aСанкт-Петербург
_cВладимир Даль
_d2006
215 _d22
225 1 _aМировая Ницшеана
_eМН
463 0 _1001983091
463 0 _10011065020
510 0 _6z45790
_aNietzsche
_zger
600 1 _aНицше
_bФ.В.
_f1844 - 1900
_gФридрих Вильгельм
_xФилософские взгляды
_92100492
_3RU\NLR\auth\661270403
606 1 _aЭкзистенциализм
_yГермания
_91964542
_3RU\NLR\auth\661186882
686 _aЮ3(4Г)6-649
686 _aЮ3(4Ф)6-663
700 1 _4070
_8rus
_7ca
_aХайдеггер
_bМ.
_f1889-1976
_gМартин
_3RU\NLR\auth\7711191
_9120945
790 1 _6z45510
_aHeidegger
_bM.
_f1889-1976
_gMartin
_4070
801 0 _aRU
_bNLR
_c20061011
_grcr
801 1 _aRU
_bNLR
_c20061011
852 _aNLR
_j2006-5/6206
942 _cBOOK